Statistics for Countries with Exceptions 2

Click here to take the quiz!

General Stats

  • This quiz has been taken 8 times
  • The average score is 10 of 26

Answer Stats

ContinentCountry% Correct
South AmericaParaguay
86%
South AmericaEcuador
71%
AfricaSouth Africa
71%
South AmericaVenezuela
71%
AfricaChad
57%
EuropeSwitzerland
57%
EuropeBelgium
43%
AfricaEswatini
43%
EuropeFinland
43%
AfricaLesotho
43%
EuropeLuxembourg
43%
AfricaMorocco
43%
AfricaZimbabwe
43%
EuropeBelarus
29%
AfricaCameroon
29%
AfricaCentral African Republic
29%
AfricaDjibouti
29%
AfricaEquatorial Guinea
29%
EuropeKosovo
29%
AfricaMali
29%
EuropeNorway
29%
AfricaRwanda
29%
AfricaSudan
29%
AsiaIraq
14%
AsiaAfghanistan
0%
AsiaPakistan
0%

Score Distribution

Percentile by Number Answered

Percent of People with Each Score

Your Score History

You have not taken this quiz